Deternding, Stylized Facts and the Business Cycle

Saved in:
Bibliographic Details
Main Author: Harvey, Andrew
Other Authors: Jaeger, Albert
Format: Book
Language:English
Published: Wien Institut für Höhere Studien 1991
Edition:1. ed.
Series:Forschungsbericht No.283
Tags: Add Tag
No Tags, Be the first to tag this record!

MARC

LEADER 00000nam a2200000 4500
001 c040237
005 20221206114512.3
041 0 |a eng 
044 |a AT 
245 1 0 |a Deternding, Stylized Facts and the Business Cycle  |c Andrew Harvey, Albert Jaeger 
250 |a 1. ed. 
264 1 |a Wien  |b Institut für Höhere Studien  |c 1991 
300 |a 14 s. 
490 1 |a Forschungsbericht  |v No.283 
830 0 |a Forschungsbericht  |v No.283 
100 1 |a Harvey, Andrew 
700 1 |a Jaeger, Albert